Organizational schizophrenia : (Record no. 74951)

MARC details
000 -LEADER
fixed length control field 00805nam a22002297a 4500
005 - DATE AND TIME OF LATEST TRANSACTION
control field 20130430110212.0
010 ## - LCCN (DPL NO)
LC control number ENG-106944
020 ## - INTERNATIONAL STANDARD BOOK NUMBER
International Standard Book Number 9788132109563
Terms of availability 550.00
035 ## - SYSTEM CONTROL NUMBER
System control number EN-90477
037 ## - SOURCE OF ACQUISITION
Source of stock number/acquisition DBAD/PUB
082 00 - DEWEY DECIMAL CLASSIFICATION NUMBER
Classification number 658.812
Edition number 23
100 1# - MAIN ENTRY--PERSONAL NAME
Personal name Gureja, Gopal K.
245 10 - TITLE STATEMENT
Title Organizational schizophrenia :
Remainder of title impact on customer service quality /
Statement of responsibility, etc by Gopal K. Gureja
260 ## - PUBLICATION, DISTRIBUTION, ETC. (IMPRINT)
Place of publication, distribution, etc New Delhi
Name of publisher, distributor, etc SAGE Publications
Date of publication, distribution, etc 2013
270 ## - ADDRESS
Address B1/I-1 Mohan Cooperative Industrial Area, Mathura Road
City New Delhi
Postal code 110044
300 ## - PHYSICAL DESCRIPTION
Extent xxx, 346 p. :
Other physical details ill.
Dimensions 24cm(pbk)
500 ## - GENERAL NOTE
General note Includes bibliographical references (p. [333]-334) and index.
650 #0 - SUBJECT ADDED ENTRY--TOPICAL TERM
Topical term or geographic name as entry element Customer services.
650 #0 - SUBJECT ADDED ENTRY--TOPICAL TERM
Topical term or geographic name as entry element Organizational behavior.
650 #0 - SUBJECT ADDED ENTRY--TOPICAL TERM
Topical term or geographic name as entry element Customer relations.
942 ## - ADDED ENTRY ELEMENTS (KOHA)
Source of classification or shelving scheme Dewey Decimal Classification
Item type English Books
Classification part 658.812
Call number suffix GUR
Holdings
Withdrawn status Lost status Not for loan Collection code Home library Current library Date acquired Source of acquisition Cost, normal purchase price Full call number Barcode Copy number Cost, replacement price Koha item type
    Not For Loan Non-fiction D.B.Act.Division D.B.Act.Division 30/04/2013 DBAD/PUB 550.00 658.812 GUR EN-90477 1 550.00 English Books

© Delhi Public Library
Hit Counter
free hit counter